000 00849nam a2200277 a 4500
008
020 _a0070477086 (hbk.)
049 _aMAIN
090 0 0 _aTS155.8 ORL
100 1 _aPlossl, G.
245 1 0 _aOrlicky's material requirements planning /
_cGeorge Plossl.
250 _a2nd ed.
260 _aNew York :
_bMcGraw-Hill,
_cc1995.
300 _axxi, 311 p. :
_bill. ;
_c24 cm.
500 _aIncludes index.
504 _aIncludes bibliographical references.
650 0 _aProduction control
_xData processing.
650 0 _aInventory control
_xData processing.
650 0 _aManufacturing resource planning.
650 0 _aMaterial requirements planning.
907 _a.b10147512
_b15-02-07
_c24-01-05
003
005 20230123133946.0
040 _cNUST
942 _cBOOKS
_kTS155.8 ORL
999 _c157583
_d157583